000 01828nam a2200481 i 4500
001 2348
003 KOSZ 005
005 20200420073535.0
008 990421s1984 pl a f |000 0 eng
015 _aUWD 1984/2088
020 _a832140152X
035 _a991009979819705066
035 _a(PL-WaBN)b1272354x-48omnis_nlop
035 _ab1272354x
035 _a(OCoLC)830203305
035 _a(PL)b0000001272354
035 _a(EXLNZ-48OMNIS_NETWORK)9910275204105606
040 _aWA N
_cWA N
_dKOSZ 005/AR
041 0 _aeng
_apol
044 _apl
080 _a811.111
080 _a(07)
245 0 0 _aAmerican English for Poles :
_bkurs audiowizualny : podręcznik ucznia.
_nCz. 1 /
_c[kurs opracowany przez zespół Helen Crain i inni] ; Instytut Lingwistyki Stosowanej Uniwersytetu Warszawskiego, Center for Applied Linguistics, Arlington, Virginia USA.
260 _aWarszawa :
_bPaństwowe Wydawnictwo "Wiedza Powszechna",
_c1984.
300 _a485, [3] strony :
_bilustracje ;
_c21 cm.
336 _aTekst
_btxt
_2rdacontent
337 _aBez urządzenia pośredniczącego
_bn
_2rdamedia
338 _aWolumin
_bnc
_2rdacarrier
380 _aKsiążki
380 _aPublikacje dydaktyczne
388 _a1901-2000
388 _a1945-1989
650 7 _aJęzyk angielski (przedmiot szkolny)
_2DBN
651 _aStany Zjednoczone (USA)
655 7 _aPodręcznik
_2DBN
658 _aEdukacja i pedagogika
700 1 _aCrain, Helen
_eOpracowanie
710 2 _aInstytut Lingwistyki Stosowanej (Uniwersytet Warszawski)
710 2 _aPaństwowe Wydawnictwo Wiedza Powszechna
_4pbl
856 _uhttp://koha.tu.koszalin.pl/cgi-bin/koha/opac-detail.pl?biblionumber=2348
_yKatalog online BPK
942 _2UKD
_cKS
999 _c2348
_d2348